Quran Ka Paigham Hindi Musalmanon Ke Naam (Record no. 3548)

MARC details
000 -LEADER
fixed length control field 00601nam a2200241 a 4500
020 ## - INTERNATIONAL STANDARD BOOK NUMBER
ISBN
082 00 - DEWEY DECIMAL CLASSIFICATION NUMBER
Classification number 297.7
Author Cutter NAD2
100 ## - MAIN ENTRY--AUTHOR NAME
Author name Nadwi, M Shahabuddin
245 ## - TITLE STATEMENT
Title Quran Ka Paigham Hindi Musalmanon Ke Naam
260 ## - PUBLICATION, DISTRIBUTION, ETC. (IMPRINT)
Place of publication Bangalore
Name of publisher Furqania Academy Trust
Year of publication 1970
300 ## - PHYSICAL DESCRIPTION
Number of Pages 48p
500 ## - GENERAL NOTE
General note includes index and biblioraphy
505 2# - FORMATTED CONTENTS NOTE
Formatted contents note Index
650 ## - SUBJECT ADDED ENTRY--TOPICAL TERM
Topical Term Dawah-Islam
942 ## - ADDED ENTRY ELEMENTS (KOHA)
Koha item type Books
700 1# -
-- Nadwi, M Shahabuddin
Holdings
Collection code Home library Current library Date acquired Cost, normal purchase price Full call number Accession Number Koha item type
  Henry Martyn Institute Library Henry Martyn Institute Library 07/12/2007 0.75 297.7 NAD2 05948 Books
                   Copyright © 2026 | Henry Martyn Institute | Hyderabad | TS-500052 | INDIA | Implemented by hmi.edu.in
Hit-Count:

Powered by Koha